[Event "ESP-ch U16"]
[Site "Granada"]
[Date "2016.07.22"]
[Round "7"]
[White "Nieves Cabanes, Jose Manuel"]
[Black "Soto Martin, Pablo"]
[Result "1-0"]
[WhiteElo "2215"]
[BlackElo "1991"]
[PlyCount "93"]
[EventDate "2016.07.18"]
[EventType "swiss"]
[EventRounds "9"]
[EventCountry "ESP"]
[SourceTitle "EXT 2024"]
[Source "ChessBase"]
[SourceDate "2023.10.10"]
[SourceVersion "1"]
[SourceVersionDate "2023.10.10"]
[SourceQuality "1"]

1. d4 Nf6 2. c4 g6 3. Nc3 Bg7 4. e4 d6 5. Nf3 0-0 6. Be2 e5 7. 0-0 Nc6 8. Be3 Ng4 9. Bg5 f6 10. Bh4 g5 11. Bg3 Nh6 12. d5 Ne7 13. Nd2 Ng6 14. Rc1 Nf4 15. b4 f5 16. exf5 Nxf5 17. Nde4 Nxe2+ 18. Qxe2 Nd4 19. Qe3 h6 20. c5 Bf5 21. Rfd1 Qd7 22. f3 a6 23. a3 Rf7 24. cxd6 cxd6 25. Ne2 Nxe2+ 26. Qxe2 g4 27. Rf1 Raf8 28. fxg4 Bxg4 29. Rxf7 Rxf7 30. Qc4 Bf8 31. Bh4 Kg7 32. Rc3 Qa4 33. h3 Qd1+ 34. Kh2 Bh5 35. Rg3+ Bg6 36. Rg4 Qf1 37. Qc8 Qf5 38. Qd8 h5 39. Ng3 Qd3 40. Nxh5+ Kh7 41. Nf6+ Kg7 42. Ne4 Qxd5 43. Bf6+ Kh6 44. Rh4+ Bh5 45. Ng3 Qe6 46. Rxh5+ Kg6 47. Bxe5 1-0

[Event "Madrid Oliver Gonzalez Memorial 4th"]
[Site "Madrid"]
[Date "2015.10.11"]
[Round "2"]
[White "Iagar, Razvan Gabriel"]
[Black "Soto Martin, Pablo"]
[Result "1/2-1/2"]
[WhiteElo "2172"]
[BlackElo "1956"]
[PlyCount "63"]
[EventDate "2015.10.10"]
[EventType "swiss"]
[EventRounds "9"]
[EventCountry "ESP"]
[SourceTitle "CBM 168 Extra"]
[Source "ChessBase"]
[SourceDate "2015.10.29"]
[SourceVersion "1"]
[SourceVersionDate "2015.10.29"]
[SourceQuality "1"]

1. d4 Nf6 2. c4 g6 3. Nf3 Bg7 4. g3 0-0 5. Bg2 d6 6. 0-0 Nc6 7. Nc3 e5 8. d5 Ne7 9. e4 Ne8 10. Ne1 f5 11. Nd3 Nf6 12. Bg5 fxe4 13. Nxe4 Nxe4 14. Bxe4 Bf5 15. Qe2 Qd7 16. Bxe7 Qxe7 17. Bxf5 gxf5 18. Nf4 Bh6 19. Ne6 Rf6 20. f3 Kh8 21. Rad1 Rg8 22. Kh1 Qf7 23. Rde1 Bf8 24. f4 e4 25. Rg1 h5 26. Rg2 Rh6 27. Reg1 Bg7 28. Qd2 b6 29. Qc2 Qe7 30. Qb3 Bf6 31. Qa3 c5 32. Qb3 1/2-1/2

[Event "Madrid San Viator op 25th"]
[Site "Madrid"]
[Date "2015.10.04"]
[Round "1"]
[White "Soto Martin, Pablo"]
[Black "Fernandez Rios, Jose Francisco"]
[Result "0-1"]
[WhiteElo "1956"]
[BlackElo "1756"]
[PlyCount "116"]
[EventDate "2015.10.04"]
[EventType "swiss"]
[EventRounds "9"]
[EventCountry "ESP"]
[SourceTitle "CBM 169 Extra"]
[Source "ChessBase"]
[SourceDate "2015.12.18"]
[SourceVersion "1"]
[SourceVersionDate "2015.12.18"]
[SourceQuality "1"]

1. e4 c5 2. Nf3 g6 3. c3 d5 4. exd5 Qxd5 5. d4 Bg7 6. Na3 Nf6 7. Bc4 Qe4+ 8. Be3 0-0 9. 0-0 cxd4 10. Nxd4 Qe5 11. Re1 Ng4 12. Nf3 Qc7 13. Bg5 e6 14. Qe2 a6 15. Rad1 Nc6 16. Bh4 Nge5 17. Bg3 Nxf3+ 18. Qxf3 Qb6 19. Bb3 Na5 20. Rd6 Qc5 21. Bc2 Nc6 22. Red1 Ne7 23. R6d2 Nd5 24. Be4 Bxc3 25. Rc2 Qb4 26. Bxd5 Bxb2 27. Nc4 exd5 28. Nxb2 Bg4 29. Qxd5 Bxd1 30. Qxd1 Rfe8 31. f3 Rad8 32. Qf1 h5 33. Nd3 Rxd3 34. Re2 Rxe2 35. Qxe2 Qd4+ 36. Kf1 Rd1+ 37. Be1 Qa1 38. Kf2 Rxe1 39. Qxe1 Qxe1+ 40. Kxe1 Kf8 41. Kd2 Ke7 42. Kc3 Kd6 43. Kb4 b6 44. Kc4 g5 45. Kd4 f5 46. g3 b5 47. h3 g4 48. fxg4 fxg4 49. hxg4 hxg4 50. Ke4 a5 51. Kd4 b4 52. Kc4 Kc6 53. Kb3 Kb5 54. Kc2 Kc4 55. Kb2 a4 56. Kc2 b3+ 57. axb3+ axb3+ 58. Kb1 Kd3 0-1

[Event "Madrid San Viator op 23rd"]
[Site "Madrid"]
[Date "2014.11.09"]
[Round "7"]
[White "Luna Hermoso, Angel"]
[Black "Soto Martin, Pablo"]
[Result "1/2-1/2"]
[WhiteElo "1955"]
[BlackElo "1781"]
[PlyCount "92"]
[EventDate "2014.09.28"]
[EventType "swiss"]
[EventRounds "9"]
[EventCountry "ESP"]
[SourceTitle "EXT 2016"]
[Source "ChessBase"]
[SourceDate "2015.10.08"]
[SourceVersion "1"]
[SourceVersionDate "2015.10.08"]
[SourceQuality "1"]

1. Nf3 Nf6 2. c4 g6 3. Nc3 Bg7 4. d4 0-0 5. g3 d6 6. Bg2 Nbd7 7. Qc2 e5 8. dxe5 dxe5 9. Bg5 h6 10. Bxf6 Qxf6 11. Rd1 a5 12. Nd5 Qd8 13. c5 Ra6 14. a3 c6 15. Nb6 Qe7 16. Nxc8 Rxc8 17. Bh3 f5 18. Qb3+ Kh8 19. Qxb7 Raa8 20. Rxd7 Qxc5 21. Nh4 Qc1+ 22. Rd1 Qg5 23. Qf7 Rd8 24. 0-0 Kh7 25. Nxg6 f4 26. Bf5 fxg3 27. Nxe5+ Kh8 28. f4 gxh2+ 29. Kh1 Qg3 30. Qg6 Qxg6 31. Nxg6+ Kg8 32. Ne7+ Kf8 33. Rxd8+ Rxd8 34. Nxc6 Rd2 35. Bd3 a4 36. f5 Bxb2 37. Nb4 Bxa3 38. Nc2 Bd6 39. Kg2 a3 40. Ra1 a2 41. Ne3 Be5 42. Nc4 Bxa1 43. Nxd2 Bc3 44. Nb3 a1Q 45. Nxa1 Bxa1 46. Kxh2 Ke7 1/2-1/2

[Event "Madrid San Viator op 23rd"]
[Site "Madrid"]
[Date "2014.10.19"]
[Round "4"]
[White "Renteria Becerra, Jorge Elicer"]
[Black "Soto Martin, Pablo"]
[Result "1-0"]
[WhiteElo "2313"]
[BlackElo "1781"]
[PlyCount "59"]
[EventDate "2014.09.28"]
[EventType "swiss"]
[EventRounds "9"]
[EventCountry "ESP"]
[SourceTitle "EXT 2016"]
[Source "ChessBase"]
[SourceDate "2015.10.08"]
[SourceVersion "1"]
[SourceVersionDate "2015.10.08"]
[SourceQuality "1"]

1. e4 c5 2. Nf3 e6 3. d4 cxd4 4. Nxd4 a6 5. Nc3 Qc7 6. g3 Nf6 7. Bg2 b5 8. 0-0 Bb7 9. Re1 d6 10. a4 bxa4 11. Rxa4 Be7 12. h3 0-0 13. Nb3 Nbd7 14. Na5 Nc5 15. Ra2 Rfd8 16. b4 Ncd7 17. Nxb7 Qxc3 18. Nxd8 Rxd8 19. Bd2 Qc4 20. Qb1 Rb8 21. Bf1 Qd4 22. c3 Qe5 23. Rxa6 Nc5 24. Ra5 Bd8 25. Rxc5 dxc5 26. Bf4 Qxc3 27. Bxb8 cxb4 28. Rc1 Qd4 29. Rd1 Qb6 30. Ba7 1-0

[Event "San Sebastian de los Reyes op 15th"]
[Site "San Sebastian"]
[Date "2013.12.07"]
[Round "8"]
[White "Baeza Escudero, Javier"]
[Black "Soto Martin, Pablo"]
[Result "1-0"]
[WhiteElo "1969"]
[BlackElo "1779"]
[PlyCount "111"]
[EventDate "2013.11.30"]
[EventType "swiss"]
[EventRounds "9"]
[EventCountry "ESP"]
[SourceTitle "CBM 157 Extra"]
[Source "ChessBase"]
[SourceDate "2013.12.19"]
[SourceVersion "1"]
[SourceVersionDate "2013.12.19"]
[SourceQuality "1"]

1. d4 Nf6 2. c4 g6 3. g3 Bg7 4. Bg2 0-0 5. Nf3 d6 6. 0-0 Nbd7 7. Nc3 e5 8. e4 c6 9. h3 a5 10. Be3 exd4 11. Bxd4 Re8 12. Qc2 a4 13. Rad1 Qa5 14. Be3 Nc5 15. Bd2 Qb6 16. Rfe1 Be6 17. Bf1 Nfd7 18. Be3 Qa6 19. Nb1 Nxe4 20. Qxe4 Bf5 21. Qf4 Bc2 22. Rd2 Be4 23. c5 Qa5 24. cxd6 Qh5 25. Ng5 f5 26. Bc4+ Kf8 27. Nxe4 Rxe4 28. Be2 Qxh3 29. Qg5 Rae8 30. Bf1 Qg4 31. Qxg4 Rxg4 32. Be2 Rb4 33. Nc3 a3 34. bxa3 Bxc3 35. axb4 Rxe3 36. fxe3 Bxd2 37. Rd1 Bxb4 38. g4 Bc5 39. gxf5 Bxe3+ 40. Kg2 gxf5 41. Bd3 f4 42. Bxh7 Ke8 43. Bg6+ Kd8 44. Rb1 Nc5 45. Bf5 Bd4 46. Kf3 Be5 47. d7 Ke7 48. Rd1 Bc7 49. Re1+ Kd6 50. Rd1+ Ke7 51. Kg4 Na6 52. Re1+ Kd6 53. Re8 Kc5 54. d8Q Bxd8 55. Rxd8 Kb4 56. Bc8 1-0

[Event "Madrid San Viator op 21st"]
[Site "Madrid"]
[Date "2013.11.10"]
[Round "8"]
[White "Garcia Martin, Esteban"]
[Black "Soto Martin, Pablo"]
[Result "1-0"]
[WhiteElo "1892"]
[BlackElo "1740"]
[PlyCount "115"]
[EventDate "2013.09.29"]
[EventType "swiss"]
[EventRounds "9"]
[EventCountry "ESP"]
[SourceTitle "EXT 2015"]
[Source "ChessBase"]
[SourceDate "2014.11.20"]
[SourceVersion "1"]
[SourceVersionDate "2014.11.20"]
[SourceQuality "1"]

1. c4 e5 2. Nc3 Nc6 3. g3 d6 4. Bg2 g6 5. d3 Bg7 6. e4 f5 7. Nge2 Nf6 8. 0-0 0-0 9. Rb1 Be6 10. Nd5 Qd7 11. b4 fxe4 12. dxe4 Ne7 13. Qd3 c6 14. Nxf6+ Bxf6 15. Bh6 Bg7 16. Bxg7 Kxg7 17. f4 Qc7 18. Qc3 Kg8 19. Rb2 a5 20. a3 axb4 21. axb4 Ra4 22. c5 dxc5 23. Qxc5 exf4 24. Nxf4 Bf7 25. Rbf2 Raa8 26. Bh3 b6 27. Ne6 bxc5 28. Nxc7 Rab8 29. Ne6 Bxe6 30. Bxe6+ Kg7 31. Rf7+ Rxf7 32. Rxf7+ Kh6 33. Rxe7 cxb4 34. Bb3 Rc8 35. Rb7 c5 36. Bc4 g5 37. Kf2 Kg6 38. Ke3 h6 39. Rb6+ Kg7 40. e5 Rc7 41. Ke4 Rd7 42. Rd6 Rb7 43. Bb3 Ra7 44. Kd5 Ra3 45. Kc4 Ra5 46. Rd5 Kg6 47. Rxc5 Ra1 48. Kxb4 Re1 49. e6 Kf6 50. Rc2 Re5 51. Rf2+ Kg6 52. Bc4 h5 53. Kc3 h4 54. Kd4 Re1 55. gxh4 gxh4 56. Kd5 Kg5 57. Re2 Rd1+ 58. Ke5 1-0

[Event "Madrid San Viator op 21st"]
[Site "Madrid"]
[Date "2013.11.03"]
[Round "7"]
[White "Magan Gonzalez, Alberto"]
[Black "Soto Martin, Pablo"]
[Result "0-1"]
[WhiteElo "1891"]
[BlackElo "1740"]
[PlyCount "72"]
[EventDate "2013.09.29"]
[EventType "swiss"]
[EventRounds "9"]
[EventCountry "ESP"]
[SourceTitle "EXT 2015"]
[Source "ChessBase"]
[SourceDate "2014.11.20"]
[SourceVersion "1"]
[SourceVersionDate "2014.11.20"]
[SourceQuality "1"]

1. e4 c5 2. Nf3 e6 3. d4 cxd4 4. Nxd4 a6 5. Bd3 Nf6 6. Nc3 Qc7 7. 0-0 Bc5 8. Nb3 Be7 9. Be3 0-0 10. f4 d6 11. g4 b5 12. g5 Nfd7 13. Qh5 f5 14. exf5 exf5 15. Nd5 Qd8 16. Rae1 Rf7 17. c4 Bf8 18. g6 hxg6 19. Qxg6 Nf6 20. Nd4 Nxd5 21. cxd5 Rf6 22. Qh5 Rh6 23. Qf3 Qf6 24. Re2 Qf7 25. Rc1 Bb7 26. Nc6 Nd7 27. Bd4 Nc5 28. Bb1 Rc8 29. b4 Nd7 30. Rce1 Rc7 31. Re8 Nf6 32. Bxf5 Nxe8 33. Qd3 Qxd5 34. Rxe8 Bxc6 35. Be4 Qh5 36. Bg6 Qxg6+ 0-1

[Event "Madrid San Viator op 21st"]
[Site "Madrid"]
[Date "2013.10.27"]
[Round "6"]
[White "Soto Martin, Pablo"]
[Black "Zhynguel Ramirez de Verger, Aleksei"]
[Result "1/2-1/2"]
[WhiteElo "1740"]
[BlackElo "1877"]
[PlyCount "90"]
[EventDate "2013.09.29"]
[EventType "swiss"]
[EventRounds "9"]
[EventCountry "ESP"]
[SourceTitle "EXT 2015"]
[Source "ChessBase"]
[SourceDate "2014.11.20"]
[SourceVersion "1"]
[SourceVersionDate "2014.11.20"]
[SourceQuality "1"]

1. e4 c5 2. Nf3 Nc6 3. Bb5 g6 4. 0-0 Bg7 5. Bxc6 bxc6 6. Re1 Nf6 7. e5 Nd5 8. c4 Nb6 9. d4 cxd4 10. Qxd4 0-0 11. Nc3 Bb7 12. b3 d6 13. Qh4 dxe5 14. Nxe5 f6 15. Nf3 e5 16. Bh6 c5 17. Bxg7 Kxg7 18. Rad1 Qe8 19. Ne4 Qc6 20. Rd6 Qc7 21. Red1 Bxe4 22. Qxe4 Rad8 23. R6d3 Rfe8 24. Qe3 Rxd3 25. Rxd3 e4 26. Nd2 Re7 27. Rc3 f5 28. Rc1 Rd7 29. Qc3+ Kg8 30. Nf1 Rd3 31. Qf6 Qd6 32. Qg5 Nc8 33. Rc2 Ne7 34. Rd2 f4 35. Rxd3 exd3 36. Nd2 Nf5 37. Qg4 Qe5 38. Qd1 Nd4 39. Kf1 Nc2 40. Nf3 Qc3 41. Ne1 Nxe1 42. Qxe1 Qf6 43. Qe8+ Kg7 44. Qd7+ Kg8 45. Qe8+ Kg7 1/2-1/2

[Event "Madrid San Viator op 21st"]
[Site "Madrid"]
[Date "2013.10.12"]
[Round "3"]
[White "Soto Martin, Pablo"]
[Black "Gil Calvente, Jose Antonio"]
[Result "1-0"]
[WhiteElo "1740"]
[BlackElo "1661"]
[PlyCount "77"]
[EventDate "2013.09.29"]
[EventType "swiss"]
[EventRounds "9"]
[EventCountry "ESP"]
[SourceTitle "EXT 2015"]
[Source "ChessBase"]
[SourceDate "2014.11.20"]
[SourceVersion "1"]
[SourceVersionDate "2014.11.20"]
[SourceQuality "1"]

1. e4 e5 2. Nf3 Nc6 3. Bc4 Nf6 4. d3 Bc5 5. c3 d6 6. Bb3 0-0 7. Bg5 h6 8. Bh4 Qe7 9. 0-0 Bg4 10. Nbd2 Bb6 11. Re1 Na5 12. Bc2 c5 13. Nf1 Qe6 14. Ne3 Bh5 15. Nf5 Bg4 16. Ne3 Bh5 17. h3 Bg6 18. Nd2 Rac8 19. Qf3 Bh5 20. g4 Bg6 21. Ndf1 c4 22. Bxf6 Bxe3 23. Nxe3 Qxf6 24. Qxf6 gxf6 25. Nd5 Kg7 26. Re3 Rfe8 27. Ba4 Red8 28. b4 cxb3 29. axb3 f5 30. gxf5 Bh5 31. Rg3+ Kf8 32. b4 Nc6 33. Nf6 Be2 34. Re3 Kg7 35. Nd5 Bh5 36. Rg3+ Kf8 37. Nf6 Be2 38. Re1 Ne7 39. Nh7# 1-0

[Event "Madrid San Viator op 21st"]
[Site "Madrid"]
[Date "2013.09.29"]
[Round "1"]
[White "Soto Martin, Pablo"]
[Black "Blanco Diez, David"]
[Result "1-0"]
[WhiteElo "1740"]
[BlackElo "1463"]
[PlyCount "79"]
[EventDate "2013.09.29"]
[EventType "swiss"]
[EventRounds "9"]
[EventCountry "ESP"]
[SourceTitle "EXT 2015"]
[Source "ChessBase"]
[SourceDate "2014.11.20"]
[SourceVersion "1"]
[SourceVersionDate "2014.11.20"]
[SourceQuality "1"]

1. e4 e5 2. Nf3 Nc6 3. Bc4 Bc5 4. c3 Nf6 5. d3 d6 6. Bb3 Be6 7. 0-0 0-0 8. Bg5 h6 9. Bh4 Bxb3 10. Qxb3 Bb6 11. Nbd2 g5 12. Bg3 Re8 13. Nc4 Bc5 14. Qxb7 Qd7 15. Qb3 Nh5 16. Rfe1 Nxg3 17. hxg3 Qg4 18. Nh2 Qxg3 19. d4 Bxd4 20. cxd4 Qxb3 21. axb3 Nxd4 22. Ng4 Kg7 23. Nge3 Nxb3 24. Ra3 Nd4 25. Rea1 Nb5 26. Rb3 c6 27. Nf5+ Kf6 28. Nfxd6 Nxd6 29. Nxd6 Red8 30. Rf3+ Kg7 31. Nxf7 Rd4 32. Nxe5 Rxe4 33. Nxc6 a6 34. Rfa3 Re2 35. b4 a5 36. Rxa5 Rxa5 37. Rxa5 Rd2 38. b5 Rd7 39. Ra7 Rxa7 40. Nxa7 1-0

[Event "Madrid San Viator op 19th"]
[Site "Madrid"]
[Date "2012.11.18"]
[Round "9"]
[White "Soto Martin, Miguel"]
[Black "Soto Martin, Pablo"]
[Result "0-1"]
[WhiteElo "1493"]
[BlackElo "1695"]
[PlyCount "90"]
[EventDate "2012.09.23"]
[EventType "swiss"]
[EventRounds "9"]
[EventCountry "ESP"]
[SourceTitle "EXT 2013"]
[Source "ChessBase"]
[SourceDate "2012.11.22"]
[SourceVersion "1"]
[SourceVersionDate "2012.11.22"]
[SourceQuality "1"]

1. d4 Nf6 2. Nf3 d5 3. e3 e6 4. Bd3 Nbd7 5. 0-0 Bd6 6. b3 0-0 7. Bb2 c5 8. Qe2 Qc7 9. Nbd2 b6 10. dxc5 bxc5 11. e4 Ne5 12. Nxe5 Bxe5 13. Bxe5 Qxe5 14. Nf3 Qc7 15. exd5 exd5 16. Rad1 Re8 17. Qd2 Bg4 18. Kh1 Rad8 19. Qc3 d4 20. Qb2 Qf4 21. Qc1 Qd6 22. Rd2 Bxf3 23. gxf3 Qc6 24. Qd1 Nh5 25. c3 Nf4 26. Be4 Qf6 27. cxd4 cxd4 28. Qb1 Qh4 29. Rg1 Nh3 30. Rg4 Nxf2+ 31. Rxf2 Qxf2 32. Bxh7+ Kh8 33. Be4 f5 34. Rg2 Qh4 35. Bxf5 Re1+ 36. Rg1 Rxb1 37. Bxb1 d3 38. Rd1 d2 39. b4 Qe1+ 40. Rxe1 dxe1Q+ 41. Kg2 Rd2+ 42. Kh3 Qf2 43. Kg4 Rd4+ 44. Kf5 Qxf3+ 45. Ke5 Qd5# 0-1

[Event "Madrid San Viator op 19th"]
[Site "Madrid"]
[Date "2012.09.30"]
[Round "2"]
[White "Barahona Torrijos, Angel"]
[Black "Soto Martin, Pablo"]
[Result "1-0"]
[WhiteElo "1893"]
[BlackElo "1695"]
[PlyCount "79"]
[EventDate "2012.09.23"]
[EventType "swiss"]
[EventRounds "9"]
[EventCountry "ESP"]
[SourceTitle "EXT 2013"]
[Source "ChessBase"]
[SourceDate "2012.11.22"]
[SourceVersion "1"]
[SourceVersionDate "2012.11.22"]
[SourceQuality "1"]

1. e4 e5 2. Nf3 Nc6 3. Nc3 Nf6 4. Bb5 Bb4 5. 0-0 0-0 6. Nd5 Bc5 7. d3 h6 8. Be3 Bb6 9. Nxb6 axb6 10. Bxc6 bxc6 11. Nxe5 Re8 12. Bd4 c5 13. Bc3 b5 14. Ng4 Nh7 15. a3 d6 16. f4 Qh4 17. Ne3 c6 18. Rf3 Ra7 19. Rg3 f6 20. Qf3 g5 21. fxg5 fxg5 22. Nf5 Bxf5 23. Qxf5 Qh5 24. Rh3 Qf7 25. Qxf7+ Rxf7 26. Rxh6 d5 27. Rxc6 dxe4 28. dxe4 Rxe4 29. Rd1 Re2 30. Rd8+ Nf8 31. Rg6+ Kh7 32. Rxg5 Rxc2 33. Rd1 Ne6 34. Rg3 Rff2 35. Rd7+ Kh6 36. Bg7+ Nxg7 37. Rdxg7 Rfd2 38. R3g6+ Kh5 39. g4+ Kh4 40. Rh6# 1-0

[Event "Madrid Codes op 6th"]
[Site "Madrid"]
[Date "2012.05.27"]
[Round "7.12"]
[White "Sorribes Calle, Pablo"]
[Black "Soto Martin, Pablo"]
[Result "1-0"]
[WhiteElo "1660"]
[BlackElo "1619"]
[PlyCount "139"]
[EventDate "2012.04.15"]
[EventType "swiss"]
[EventRounds "9"]
[EventCountry "ESP"]
[SourceTitle "EXT 2024"]
[Source "ChessBase"]
[SourceDate "2023.10.10"]
[SourceVersion "1"]
[SourceVersionDate "2023.10.10"]
[SourceQuality "1"]

1. c4 Nf6 2. Nc3 g6 3. d4 Bg7 4. Bg5 0-0 5. e4 d6 6. Be2 h6 7. Bh4 Nbd7 8. f4 c5 9. Nf3 cxd4 10. Nxd4 Nc5 11. Bf3 a5 12. 0-0 Qb6 13. Bf2 a4 14. Ndb5 Qa5 15. e5 Nh7 16. exd6 exd6 17. Qxd6 Na6 18. Bb6 Qb4 19. Qxb4 Nxb4 20. Bc5 Nd3 21. Bxf8 Nxf8 22. b3 axb3 23. axb3 Rxa1 24. Rxa1 Nxf4 25. Ra8 Bf5 26. Nd5 Nxd5 27. Bxd5 Bc2 28. b4 Bd3 29. Rb8 Be5 30. Rxb7 Ne6 31. g3 Bf5 32. Kf2 Kg7 33. Ke3 Kf6 34. c5 Nd8 35. Ra7 Be6 36. Ra6 Ke7 37. Ke4 Bxd5+ 38. Kxd5 Bb2 39. Nd4 Bxd4 40. Kxd4 Ne6+ 41. Kc4 Kd7 42. b5 Kc8 43. Rxe6 fxe6 44. Kd4 Kd7 45. Ke5 Ke7 46. c6 Kd8 47. Kxe6 Kc7 48. Kf6 g5 49. Kg6 g4 50. Kxh6 Kb6 51. Kg5 Kc7 52. Kxg4 Kd6 53. Kf5 Kc7 54. h4 Kb6 55. h5 Kc7 56. h6 Kd6 57. h7 Kc7 58. g4 Kb6 59. g5 Kc7 60. g6 Kd6 61. g7 Ke7 62. Kg6 Kd6 63. g8Q Kc7 64. h8Q Kb6 65. c7 Ka5 66. c8R Kb4 67. Qc4+ Ka5 68. Qcc3+ Kb6 69. Qc6+ Ka7 70. Qa6# 1-0

[Event "Madrid San Viator op 17th"]
[Site "Madrid"]
[Date "2011.10.12"]
[Round "5"]
[White "Soto Martin, Pablo"]
[Black "Brasa Olmos, Joaquin"]
[Result "1/2-1/2"]
[WhiteElo "1641"]
[BlackElo "1583"]
[PlyCount "96"]
[EventDate "2011.09.25"]
[EventType "swiss"]
[EventRounds "9"]
[EventCountry "ESP"]
[SourceTitle "EXT 2012"]
[Source "ChessBase"]
[SourceDate "2011.11.24"]
[SourceVersion "1"]
[SourceVersionDate "2011.11.24"]
[SourceQuality "1"]

1. e4 c6 2. d4 d5 3. Nc3 dxe4 4. Nxe4 Bf5 5. Ng3 Bg6 6. Bc4 Nf6 7. N1e2 h6 8. 0-0 e6 9. f4 Nd5 10. f5 exf5 11. Nxf5 Nd7 12. Neg3 N7f6 13. Re1+ Kd7 14. Bb3 Bxf5 15. Nxf5 g6 16. Ne3 Kc7 17. Qf3 Be7 18. Nxd5+ Nxd5 19. Qxf7 Rf8 20. Qxg6 Rf6 21. Qg7 Qd6 22. Bxd5 Re8 23. Bf3 Kd8 24. c3 Rg6 25. Qe5 Qxe5 26. Rxe5 Rf8 27. Rh5 Rxf3 28. Rxh6 Rff6 29. Rxg6 Rxg6 30. Bf4 Kd7 31. Re1 a5 32. Re5 b5 33. d5 Bc5+ 34. Kf1 Bd6 35. dxc6+ Kxc6 36. Rf5 Bc5 37. Rh5 Rg8 38. Rh6+ Kd5 39. Rh5+ Kc6 40. Bc7 Rf8+ 41. Ke2 Rf2+ 42. Kd1 Rxg2 43. Bxa5 Rxb2 44. Rh6+ Kd5 45. h4 Rxa2 46. Bd8 Be3 47. Rh5+ Kc4 48. Bf6 Rd2+ 1/2-1/2

[Event "Madrid San Viator op 17th"]
[Site "Madrid"]
[Date "2011.09.25"]
[Round "1"]
[White "Perez Calahorra, Ricardo"]
[Black "Soto Martin, Pablo"]
[Result "1-0"]
[WhiteElo "2175"]
[BlackElo "1641"]
[PlyCount "87"]
[EventDate "2011.09.25"]
[EventType "swiss"]
[EventRounds "9"]
[EventCountry "ESP"]
[SourceTitle "EXT 2012"]
[Source "ChessBase"]
[SourceDate "2011.11.24"]
[SourceVersion "1"]
[SourceVersionDate "2011.11.24"]
[SourceQuality "1"]

1. d4 d5 2. c4 e6 3. g3 Nf6 4. Bg2 c6 5. Nf3 Nbd7 6. 0-0 Be7 7. Qc2 0-0 8. Nbd2 Qc7 9. e4 c5 10. cxd5 exd5 11. e5 Ne8 12. Re1 cxd4 13. Qxc7 Nxc7 14. Nxd4 Nc5 15. N2f3 Be6 16. Be3 Ne4 17. Rac1 Na6 18. Re2 Rac8 19. Rec2 Rxc2 20. Rxc2 Rc8 21. Rxc8+ Bxc8 22. Nd2 Bf5 23. Nxf5 Bb4 24. Nxe4 dxe4 25. Bxe4 g6 26. Bxb7 Nc7 27. Nd6 a5 28. a3 Bxd6 29. exd6 Ne6 30. Bb6 Kf8 31. Bd5 Ke8 32. Bxe6 fxe6 33. Bxa5 Kd7 34. Bc7 Ke8 35. b4 e5 36. b5 Kd7 37. b6 Kc8 38. Bb8 Kxb8 39. d7 Kb7 40. d8Q Kc6 41. Qc7+ Kb5 42. b7 Ka4 43. b8R h5 44. Qa7# 1-0